Pokémon fusionnés avec Rattata - Statistiques

Statistiques générales
  • Ce quiz a été pris 121 fois
  • Le résultat moyen est 12 sur 16
Statistiques - réponses
Par images Réponse % Correct
Palkia
99%
Sablaireau
90%
Flobio
87%
Mime Jr.
86%
Nidorina
84%
Zamazenta
84%
Métalosse
83%
Zarbi
79%
Kaimorse
78%
Moustillon
76%
Florges
69%
Kapoera
69%
Toudoudou
62%
Wagomine
58%
Charkos
56%
Tutétékri
56%
Aucun quiz correspondant
Distribution des résultats
% des personnes avec chaque résultat
Percentile par nombre de réponses
Votre historique - résultats
Vous n’avez pas pris ce quiz